000 00586nam a2200217Ia 4500
003 OSt
005 20220928135545.0
006 a|||||r|||| 00| 0
007 ta
008 220927b |||||||| |||| 00| 0 eng d
024 _a3075
037 _cTextual
040 _aSDCL
_cSDCL
_beng
041 _2eng
_aeng
082 _aO-,1L72:g(S:43), G7
100 _aSherwood Margaret
_9491467
245 0 _aColeridge's imaginative conception of the imagination
260 _c1937
942 _hO-,1L72:g(S:43), G7
_cTEXL
_2CC
999 _c806869
_d806869